Statistics for Lover Album

Click here to take the quiz!

General Stats

  • This quiz has been taken 82 times
    (76 since last reset)
  • The average score is 15 of 18

Answer Stats

Tracks% Correct
3Lover
98%
16ME! (feat. Brendon Urie of Panic! At The Disco)
98%
14You Need To Calm Down
98%
5The Archer
96%
2Cruel Summer
92%
15Afterglow
90%
18Daylight
86%
1I Forgot That You Existed
86%
10Death By A Thousand Cuts
84%
11London Boy
84%
7Miss Americana & The Heartbreak Prince
84%
12Soon You'll Get Better (feat. The Chicks)
84%
4The Man
84%
13False God
80%
9Cornelia Street
78%
6I Think He Knows
78%
8Paper Rings
78%
17It's Nice To Have A Friend
73%

Score Distribution

Percentile by Number Answered

Percent of People with Each Score

Your Score History

You have not taken this quiz since the last reset